000
00245 a2200097 4500
001
10980
100
_a
Petemann, B.
245
_a
The Gestalttheoryu and the Problem of configurnate
260
_a
_b
Routledge & Kegan Paul
_c
090
_c
8548
_d
8548
942
_a
NUST-CAE
_c
M
_c
35320
999
_c
246053
_d
246053